000 00898nam a2200265Ia 4500
003 OSt
005 20220930072718.0
006 a|||||r|||| 00| 0
007 ta
008 220926b |||||||| |||| 00| 0 eng d
024 _a24831
037 _cTheses
040 _aCRL
_cCRL
_beng
041 _2eng
_aeng
100 _aSrinath, V S
_9530320
110 _aUniversity of Delhi. Faculty of Medical Sciences. Department of Otorhinolaryngology
_9519799
245 0 _aComparative evaluation of cervical lymph nodes by duplex colour doppler sonography in head and neck neoplasms
260 _c1998
300 _a67p.
_ap.
_ccm.
650 _aHEAD - DISEASES
_9200017
700 _a Dr Rajeev Puri
_9530321
700 _aUniversity of Delhi. Faculty of Medical Sciences. Department of Otorhinolaryngology
_9519801
942 _cDIS
_2CC
999 _c864233
_d864233